Impact of business strategy on management information system development and implementation

Guardado en:
Detalles Bibliográficos
Autor principal: Mesároš, Peter
Otros Autores: Karčáková, Ľudmila
Formato: Capítulo de libro
Lenguaje:inglés
Etiquetas: Agregar Etiqueta
Sin Etiquetas, Sea el primero en etiquetar este registro!

MARC

LEADER 00000naa$a2200000$$$4500
001 0064130
005 20240502083154.1
041 0 |a eng 
044 |a CZ 
245 1 0 |a Impact of business strategy on management information system development and implementation  |c Peter Mesároš, Ľudmila Karčáková 
100 1 |a Mesároš, Peter 
700 1 |a Karčáková, Ľudmila